Polskie kluby piłkarskie 3 ligi - grupa 3 - Statystyki

Ogólne statystyki
  • Ten quiz został rozwiązany 10 razy
  • Średni wynik to 10 z 18
Statystyki odpowiedzi
# Kluby - grupa 3 % Poprawnych
11 Lechia Zielona Góra
80%
2 Rekord Bielsko-Biała
80%
14 Warta Gorzów Wielkopolski
80%
8 LKS Goczałkowice-Zdrój
70%
3 MKS Kluczbork
70%
9 Ślęza Wrocław
70%
7 Stilon Gorzów Wielkopolski
70%
12 Carina Gubin
60%
15 Odra Bytom Odrzański
60%
16 Gwarek Tarnowskie Góry
50%
10 Karkonosze Jelenia Góra
50%
5 Pniówek Pawłowice Śląskie
50%
17 Raków Częstochowa II
50%
1 Śląsk Wrocław II
50%
6 Górnik II Zabrze
40%
18 LZS Starowice Dolne
40%
13 Unia Turza Śląska
20%
4 KS Polkowice
10%
Nie znaleziono quizów pasujących do podanych kryteriów
Rozkład punktacji
Procent ludzi z każdym wynikiem
Percentyl według liczby udzielonych odpowiedzi
Twoja historia wyników
Nie rozwiązałeś tego quizu